00416nam a22001457a 4500003000400000008004100004082001800045100004600063245002900109260007800138300001000216650001800226650001600244650001000260OSt241204b |||||||| |||| 00| 0 eng d a630.716bI-2N aICAR Research Complex for N. E. H. Region aAnnual Report, 2008 - 09 a.- Umiam, Meghalayab: ICAR Research Complex for N. E. H. Regionc, Umiam a230p. aAnnual Report aAgriculture aUmiam